000 01003nam a22003377a 4500
001 BR0602411
003 BR-BrBNA
005 20230928102150.0
007 ta
008 230509b bl.||||| |||| 00| 0 por d
040 _aBR-BrBNA
_bpor
_cBiblioteca Nacional de Agricultura
041 _a(Por)
072 _aL02
_b5300
090 _ 5300 BR0602411
100 1 _aGomes, F.E.
110 1 _aUniversidade Federal de Minas Gerais, Belo Horizonte (Brasil). Escola de Veterinária
_0Tese (Doutor em Ciência Animal)
245 1 _aÁcidos orgânicos em dietas para leitões após o desmame
260 3 _aBelo Horizonte, MG (Brasil):
_c2005.
300 _a59 p.
500 _aSummaries (Eng, Por); Several bibliography; 19 tables
650 _aLEITÃO
650 _aSUÍNO
650 _aRAÇÃO
650 _aDIETA
650 _aNUTRIÇÃO ANIMAL
650 _aINTESTINO DELGADO
650 _aÁCIDO ORGÂNICO
650 _aDESMAMA
909 _a202309
_bLucia
_c55
_dLucia Elande
942 _cBK
999 _c69455
_d69455